How Chinese brands can use content marketing to enhance their brand value in the Hungarian market.

Bibliográfiai részletek
Szerző: Mao Tianliang
További közreműködők: Gajzágó Dr. Éva Judit
Dokumentumtípus: Diplomadolgozat
Kulcsszavak:Brand value
Chinese brands
content marketing
Hungarian market
Localization strategy
Online Access:http://dolgozattar.uni-bge.hu/59635

MARC

LEADER 00000nta a2200000 i 4500
001 dolg59635
005 20260409145335.0
008 260409suuuu hu om 000 eng d
040 |a BGE Dolgozattár Repozitórium  |b hun 
041 |a en 
100 1 |a Mao Tianliang 
245 1 0 |a How Chinese brands can use content marketing to enhance their brand value in the Hungarian market.  |c Mao Tianliang  |h [elektronikus dokumentum] 
520 3 |a This study explores how Chinese brands can enhance their brand value in the Hungarian market through content marketing. Combining the 5A model with the marketing funnel theory, this study uses a questionnaire survey (104 samples) and case analysis to conduct an empirical study. The results show that 82% of Hungarian consumers believe that content localization (language, cultural symbols, and visual adaptation) directly affects brand trust. Huawei combines technical documentaries with local worker narratives, and BYD integrates Chinese and Hungarian cultural elements into product design, both of which enhance brand awareness through emotional resonance. However, consumers' emotional connection with brands is still insufficient (only 50% of respondents have a purchase tendency due to localized content), and environmental violations (such as wastewater discharge incidents) and translation errors (such as the mistranslation of "preservatives") expose the shortcomings of localization practices. Research recommendations: Establish a localized creative team, focus on short video/UGC interaction, integrate green transformation and community responsibility into content narratives, and deepen brand identity with cultural respect. 
695 |a Brand value 
695 |a Chinese brands 
695 |a content marketing 
695 |a Hungarian market 
695 |a Localization strategy 
700 1 |a Gajzágó Dr. Éva Judit  |e ths 
856 4 0 |u http://dolgozattar.uni-bge.hu/59635/1/Final%20Thesis-written-%20%28Mao%20Tianliang%29%20%281%29.pdf  |z Dokumentum-elérés 
856 4 0 |u http://dolgozattar.uni-bge.hu/59635/2/MaoTianliang_bi%CC%81ra%CC%81lat.pdf  |z Dokumentum-elérés 
856 4 0 |u http://dolgozattar.uni-bge.hu/59635/3/BA%20KM%20angol%20b%C3%ADr%C3%A1lati%20lap%20BELS%C5%90%20MT.pdf  |z Dokumentum-elérés